000 00528cam a2200145 4500500
005 20260208010108.0
041 _afre
042 _adc
100 1 0 _aTriaire, Dominique
_eauthor
245 0 0 _aHuit lettres de Jean Potocki à Joseph de Maistre (1805-1814)
260 _c2013.
500 _a79
786 0 _nRevue d'histoire littéraire de la France | 113 | 1 | 2013-02-18 | p. 135-145 | 0035-2411
856 4 1 _uhttps://shs.cairn.info/revue-d-histoire-litteraire-de-la-france-2013-1-page-135?lang=fr&redirect-ssocas=7080
999 _c1655138
_d1655138